00689nam a2200181 a 4500008004100000020001500041020001500056050001600071100004100087245005300128260004200181300001500223350000900238650002000247995009100267999001700358952013200375060316s1987 ||||||||||||||||| || u a0471844667 a0471844675 aPN 4121 Bed aBedrosian, Margaret McAuliffe, 1942-10aSpeak like a pro in business and public speaking aNew York :bJohn Wiley and Sonsc1987 axi, 212 p. a0.00 aPUBLIC SPEAKING D0.00FCBU-MAIN LIBRARY (Kitwe)H1I18.40M1ULOSTZMain Library Open Access Collection c58051d58051 00102lcc4070a001b001cMain Library Open Access Collectiond2022-11-30l0oPN 4121 Bedp010825r2026-01-08w2022-11-30y002